000 00831nam a22001577a 4500
008 090727s2004 ua|||||r|||| 000 0 ara d
082 _a231.9
_bج ى ا
100 _929301
_aالجيار ، القطب عبد السلام طه
245 _a:غاية الطالبين فى بلاغة رياض الصالحين
_b/باب الاخلاص واحضار النية
_cتأليف القطب عبد الاسلام طه الجيار
250 _aط.1.
260 _aطنطا، الغربية :
_bالتركي،
_c2004
300 _a338 ؛ ص
_c22 سم
650 _98119
_aالحديث، بلاغة
942 _2ddc
_cBB
999 _c12414
_d12414